Catálogo

PSICOLOGIA GUERRA Y LA NUEVA ERA 2000 (Registro nro. 14343)

Detalles MARC
000 -LEADER
fixed length control field 00445nam a2200169 a 4500
001 - CONTROL NUMBER
control field 14343
005 - DATE AND TIME OF LATEST TRANSACTION
control field 20180713202825.0
008 - FIXED-LENGTH DATA ELEMENTS--GENERAL INFORMATION
fixed length control field 140415s1994 mx 000 0 spa d
041 ## - LANGUAGE CODE
Language code of text/sound track or separate title spa
082 ## - DEWEY DECIMAL CLASSIFICATION NUMBER
Classification number 303.33
Item number BOR
100 1# - MAIN ENTRY--PERSONAL NAME
Personal name BORREGO E., SALVADOR
245 10 - TITLE STATEMENT
Title PSICOLOGIA GUERRA Y LA NUEVA ERA 2000
250 ## - EDITION STATEMENT
Edition statement 1a ed.
260 ## - PUBLICATION, DISTRIBUTION, ETC.
Place of publication, distribution, etc. MEXICO :
Name of publisher, distributor, etc. TIPOGRAFIAS EDITORIALES,
Date of publication, distribution, etc. 1994
300 ## - PHYSICAL DESCRIPTION
Extent 150
650 14 - SUBJECT ADDED ENTRY--TOPICAL TERM
Topical term or geographic name entry element CAMBIO SOCIAL
Existencias
Withdrawn status Lost status Source of classification or shelving scheme Damaged status Not for loan Collection code Home library Current library Shelving location Date acquired Source of acquisition Inventory number Total Checkouts Full call number Barcode Date last seen Price effective from Koha item type
    Dewey Decimal Classification     General Biblioteca Karol Wojtyla Biblioteca Karol Wojtyla Sala general 03/12/2013 Compra 151000000000000000054325   303.33 BOR 31468 05/01/2026 03/12/2013 Libro